000 00730nam a2200229 i 4500
003 DO-SdBNP
005 20231026153016.0
006 a||||gr|||| 00| 0
007 ta
008 231026b1979 dr aoc|| |||| 00| 0 spa d
040 _aDO-SdBNP
_bspa
_cBNPHU
_erda
082 4 _222
_bC377p
100 1 _aCavalotto, Sebastián,
_973287
_eautor
245 _aPara mí, Cristo y su madre. /
_cSebastián Cavalotto
264 1 _a[Higüey], República Dominicana :
_bTele-3,
_c[1979]
300 _a165 páginas :
_bIlustraciones, fotografías, retratos ;
_c21 cm.
336 _2rdacontent
_atexto
_btxt
337 _2rdamedia
_asin mediación
_bn
338 _2rdacarrier
_avolumen
_bnc
590 _aInventariado 2023 / MF
942 _2ddc
_cLBS1
999 _c55306
_d55306